Why didn't they ask Evans? (Record no. 412653)

MARC details
000 -LEADER
fixed length control field 00473nam a2200181Ia 4500
008 - FIXED-LENGTH DATA ELEMENTS--GENERAL INFORMATION
fixed length control field 191130s1934##################000#0#eng##
020 ## - INTERNATIONAL STANDARD BOOK NUMBER
ISBN 9780007299782
082 ## - DEWEY DECIMAL CLASSIFICATION NUMBER
Classification number 823.912 CHR
100 ## - MAIN ENTRY--AUTHOR NAME
Personal name Christie, Agatha
245 ## - TITLE STATEMENT
Title Why didn't they ask Evans?
Statement of responsibility, etc Agatha Christie
260 ## - PUBLICATION, DISTRIBUTION, ETC. (IMPRINT)
Place of publication London
Name of publisher Harper
Year of publication 1934
300 ## - PHYSICAL DESCRIPTION
Number of Pages 361 p.
650 ## - SUBJECT ADDED ENTRY--TOPICAL TERM
Topical Term English Fiction
991 ## -
-- 380770

No items available.

Find us on the map